000 00398nam a2200133Ia 4500
005 20260328104308.0
008 260328s9999||||xx |||||||||||||| ||und||
100 _aCarranza, Luis E.
245 0 _aModern Architecture in Latin America :
_b art, technology ,and utopia /
_cLuis E. Carranza
260 _bUniversity of Texas Press
300 _a391 p.
650 _aARQUITECTURA MODERNA
942 _cBK
999 _c10839
_d10839